Giáo trình Phân tích thiết kế hệ thống thông tin
Nội dung sách trình bày tổng quan về hệ thống thông tin; xác định và phân tích yêu cầu hệ thống thông tin; mô hình hoá yêu cầu hệ thống bằng cách sử dụng sơ đồ use case; phân tích thiết kế thành phần dữ liệu và xử lý theo hướng cấu...
Gespeichert in:
| 1. Verfasser: | |
|---|---|
| Weitere Verfasser: | |
| Format: | Buch |
| Sprache: | Vietnamese |
| Veröffentlicht: |
Tp. Hồ Chí Minh
Đại học Quốc gia Tp. Hồ Chí Minh
2020
|
| Schlagworte: | |
| Tags: |
Tag hinzufügen
Keine Tags, Fügen Sie den ersten Tag hinzu!
|
| Thư viện lưu trữ: | Thư viện Trường Đại học Nam Cần Thơ |
|---|
| LEADER | 01498nam a22002177a 4500 | ||
|---|---|---|---|
| 001 | NCT_92266 | ||
| 008 | 211118b xxu||||| |||| 00| 0 vie d | ||
| 999 | |c 4560 |d 4560 | ||
| 020 | |a 9786047373987 |c 62000 | ||
| 082 | 0 | 4 | |2 23rd ed. |a 004.21 |b Nh105 |
| 100 | 1 | |a Cao Thị Nhạn |e Chủ biên | |
| 245 | 1 | 0 | |a Giáo trình Phân tích thiết kế hệ thống thông tin |c Cao Thị Nhạn (Chủ biên); Nguyễn Đình Loan Phương |
| 260 | |a Tp. Hồ Chí Minh |b Đại học Quốc gia Tp. Hồ Chí Minh |c 2020 | ||
| 300 | |a 242 tr. |b Minh họa |c 24cm | ||
| 500 | |a ĐTTS ghi: Đại học Quốc gia Thành phố Hồ Chí Minh. Trường Đại học Công nghệ Thông tin | ||
| 520 | 3 | |a Nội dung sách trình bày tổng quan về hệ thống thông tin; xác định và phân tích yêu cầu hệ thống thông tin; mô hình hoá yêu cầu hệ thống bằng cách sử dụng sơ đồ use case; phân tích thiết kế thành phần dữ liệu và xử lý theo hướng cấu trúc, đối tượng của một hệ thống thông tin. | |
| 653 | |a Công nghệ thông tin | ||
| 700 | 1 | |a Nguyễn Đình Loan Phương | |
| 942 | |2 ddc |c BK | ||
| 952 | |0 0 |1 0 |2 ddc |4 0 |6 004_210000000000000_NH105 |7 0 |9 21658 |a 000001 |b 000001 |d 2021-11-18 |o 004.21 Nh105 |p MD.19033 |r 2021-11-18 |v 62000.00 |w 2021-11-18 |y BK | ||
| 980 | |a Thư viện Trường Đại học Nam Cần Thơ | ||


